| 000 | 00694nam a22001937i 4500 | ||
|---|---|---|---|
| 999 |
_c22807 _d22807 |
||
| 003 | AR-CdUCM | ||
| 008 | 240320b20232023pe ||||| |||| 00| 0 spa d | ||
| 020 | _a978-612-5048-42-4 | ||
| 040 |
_aMUNICIPALIDAD PROVINCIAL DEL CUSCO _cBIBLIOTECA MUNICIPAL DEL CUSCO |
||
| 041 | _hspa | ||
| 082 |
_2Tercera Edición _a869.56 / M253B _bM253B |
||
| 100 |
_aMaquén Gamarra, José Félix _948470 |
||
| 245 | _aLa Burla del Chullachaqui / | ||
| 260 |
_aMorales-San Martín : _bTRAZOZ Consultores - Editores E.I.R.L., _c2023 |
||
| 300 |
_a78 páginas. : _c21 cm. |
||
| 505 | _aLa burla del Chullachaqui -- Bien por mal -- Sálveme.. sálveme comadrita | ||
| 942 |
_2ddc _cLIBROS |
||
| 945 |
_apbj _d20-13-2024 |
||